1001 mạch điện chọn lọc hay
Wedi'i Gadw mewn:
| Prif Awdur: | |
|---|---|
| Fformat: | Llyfr |
| Iaith: | Undetermined |
| Cyhoeddwyd: |
Hà Nội
Giao Thông Vận Tải
2000
|
| Pynciau: | |
| Tagiau: |
Ychwanegu Tag
Dim Tagiau, Byddwch y cyntaf i dagio'r cofnod hwn!
|
| Thư viện lưu trữ: | Trung tâm Học liệu Trường Đại học Cần Thơ |
|---|
| LEADER | 00479nam a2200169Ia 4500 | ||
|---|---|---|---|
| 001 | CTU_38276 | ||
| 008 | 210402s9999 xx 000 0 und d | ||
| 082 | |a 621.381 | ||
| 082 | |b T502 | ||
| 100 | |a Tuấn Đức | ||
| 245 | 0 | |a 1001 mạch điện chọn lọc hay | |
| 245 | 0 | |c Tuấn Đức | |
| 260 | |a Hà Nội | ||
| 260 | |b Giao Thông Vận Tải | ||
| 260 | |c 2000 | ||
| 650 | |a electric circuits | ||
| 980 | |a Trung tâm Học liệu Trường Đại học Cần Thơ | ||